Sports Quiz

Random Sports or Role Quiz

NBA Championships With Multiple Teams Quiz Stats

 Plays Quiz Updated Jul 5, 2013

Score 0/43 Timer 06:00
0 Plays Today
Role Player % Correct
PlayerLeBron James
80.8%
Player/CoachPhil Jackson
77.9%
PlayerShaquille O'Neal
73.4%
PlayerRobert Horry
68.4%
PlayerDennis Rodman
68.2%
PlayerKareem Abdul-Jabbar
63.6%
Player/CoachSteve Kerr
57%
PlayerRay Allen
52.2%
Player/CoachPat Riley
49.9%
PlayerDennis Johnson
43.9%
PlayerWilt Chamberlain
43.9%
PlayerCharles Johnson
43.5%
PlayerJames Jones
42.5%
PlayerHorace Grant
36.8%
PlayerBill Walton
33.4%
PlayerRon Harper
30%
PlayerRobert Parish
26.9%
Player/CoachTyronn Lue
26.4%
PlayerJohn Salley
23.8%
Player/CoachRick Carlisle
16.8%
PlayerSam Cassell
12.4%
PlayerWill Perdue
10.3%
Role Player % Correct
PlayerWally Walker
9.5%
PlayerMario Elie
8.8%
Player/CoachBill Sharman
8.4%
PlayerWalt Davis
8%
PlayerJames Edwards
7.8%
PlayerJames Posey
7.4%
PlayerJamaal Wilkes
7.1%
PlayerBob Dandridge
5.1%
Player/CoachRed Holzman
5%
PlayerSlater Martin
4.6%
PlayerLindsey Hunter
3.9%
PlayerPaul Silas
3.8%
Player/CoachLarry Costello
2.8%
CoachAlex Hannum
2.1%
PlayerGerald Henderson
2.1%
PlayerClyde Lovellette
2%
PlayerMitch Kupchak
1.3%
PlayerPep Saul
1.1%
PlayerArnie Risen
1%
PlayerEarl Cureton
0.8%
PlayerJack Coleman
0.7%

You're not logged in!

Compare scores with friends on all Sporcle quizzes.
OR
Log In

Sporcle TV

Today on Sporcle TV


Watch our educational content, quiz creation guides, and fun videos on Sporcle TV.

Show Comments

Extras

Top Quizzes Today


Score Distribution

Your Account Isn't Verified!

In order to create a playlist on Sporcle, you need to verify the email address you used during registration. Go to your Sporcle Settings to finish the process.

Report this User

Report this user for behavior that violates our Community Guidelines.

Details: